000
00319nam a2200121Ia 4500
008
190723s9999 xx 000 0 und d
020
_a
978-969-407-373-6
100
_a
Musa Khan Jalalzai
245
0
_a
Civil War and the Partition of Afghanistan
260
_a
Karachi
_b
Royal Book
_c
2009
300
_a
413
942
_c
BK
999
_c
1267
_d
1267